Považské múzeum Žilina Unikátna zbierka drotárskeho remesla a umenia

Bibliographic Details
Main Author: Mrva, Marián, 1958- (Author)
Format: Article
Language:Slovak
PhysicalDescription:Fotogr. 2
Subjects:

MARC

LEADER 00000nab a2200000 a 4500
001 vtls000565194
003 SK-MaSNL
005 20260303205305.0
008 150501c1995 xo 0 slo
015 |a SNBRB19rr/mm-uuuuu 
035 |a CL0565332 
040 |a SNKBUCL  |b slo  |c SNKBUCL  |e AACR2 
041 0 |a slo 
044 |a xo  |c SK 
080 |a 745.5:672.85:069.5  |2 1981 
080 |a 672.85  |2 1981 
080 |a 069.6.02(437.6)  |2 1981 
100 1 |a Mrva, Marián,  |d 1958-  |4 aut  |9 165312 
245 1 0 |a Považské múzeum Žilina  |b Unikátna zbierka drotárskeho remesla a umenia  |c Marian Mrva 
300 |b Fotogr. 2 
610 2 7 |a Považské múzeum  |2 snkbucl  |9 33264 
650 0 7 |a drotárstvo  |2 snkbucl  |9 31752 
651 7 |a 5313  |2 snkbucl  |9 893759 
655 7 |a články z novín a časopisov  |2 snkbucl  |9 267496 
773 0 |t Národná osveta  |g Roč. 5, č. 16 (1995), s. 13 
850 |a Slovenská národná knižnica v Martine  |a MTA001 
852 |a SNK  |b KIS3GCP 
958 |a RK 
958 |a SK 
992 |a RBX 
999 |c 2194591  |d 2196521